| 000 -CABECERA |
| fixed length control field |
01406nam a22002297a 4500 |
| 003 - IDENTIFICADOR DEL NÚMERO DE CONTROL |
| control field |
AR-CdUCM |
| 008 - DATOS DE LONGITUD FIJA--INFORMACIÓN GENERAL |
| fixed length control field |
190425b ||||| |||| 00| 0 spa d |
| 040 ## - FUENTE DE LA CATALOGACIÓN |
| Agencia/entidad que catalogó originalmente la obra |
MUNICIPALIDAD PROVINCIAL DEL CUSCO |
| Entidad que transcribió la catalogación |
BIBLIOTECA MUNICIPAL DEL CUSCO |
| 082 ## - NÚMERO DE LA CLASIFICACIÓN DECIMAL DEWEY |
| No. de Clasificación |
Cuzcoactual/N°3/1954 |
| 245 ## - MENCIÓN DE TÍTULO |
| Título |
Cuzco actual / |
| 260 ## - PUBLICACIÓN, DISTRIBUCIÓN, ETC. |
| Lugar de publicación, distribución, etc. |
Cusco. |
| Nombre de la editorial, distribuidor, etc. |
Noticias e informaciones, |
| -- |
Futuro, |
| Fecha de publicación, distribución, etc. |
1954. |
| 300 ## - DESCRIPCIÓN FÍSICA |
| Nº de Páginas Extensión |
36 páginas. : |
| Dimensiones |
16 cm. |
| 440 ## - MENCIÓN DE SERIE/PUNTO DE ACCESO ADICIONAL--TÍTULO |
| Título |
Cuzco Actual. |
| Número de la parte/sección de una obra |
N°3,1954 |
| 9 (RLIN) |
47175 |
| 505 ## - NOTA DE CONTENIDO CON FORMATO |
| Nota de contenido formateada |
Contenido: Nuestra opinión, el Estadio Universitario. -- El escandalo de Armiño Negro. -- Fraternidad internacional de peluqueros. -- El sentido de las cosas. -- No tendrá casa. -- Notas obreras. -- Del Sindicato textil. -- Monroy a la vista. -- Los artesanos se mueven. -- Exposición de industrias. -- Planta eléctrica en Urcos. -- En el día de la Madre. -- Libertador Ramón Castilla. -- Oficialización de peluqueros. -- El día de la Agricultura. -- Acontecimientos de la quincena en provincias. Urubamba, Canas, Paucartambo. -- Científico cusqueño alcanza celebridad internacional. -- Chistes, anécdotas, poesías, notas, personajes, paisajes, noticias. |
| 650 ## - PUNTO DE ACCESO ADICIONAL DE MATERIA--TÉRMINO DE MATERIA |
| Descriptor |
Historias del Cusco |
| 9 (RLIN) |
47166 |
| 650 ## - PUNTO DE ACCESO ADICIONAL DE MATERIA--TÉRMINO DE MATERIA |
| Descriptor |
Provincias del Cusco |
| 9 (RLIN) |
34880 |
| 650 ## - PUNTO DE ACCESO ADICIONAL DE MATERIA--TÉRMINO DE MATERIA |
| Descriptor |
Siglo XX |
| 9 (RLIN) |
47176 |
| 700 ## - PUNTO DE ACCESO ADICIONAL--NOMBRE DE PERSONA |
| Nombre Personal |
Barrionuevo Navarro, Leandro |
| Término de relación |
Director |
| 9 (RLIN) |
47177 |
| 700 ## - PUNTO DE ACCESO ADICIONAL--NOMBRE DE PERSONA |
| Nombre Personal |
Barrionuevo Sánchez, Armando |
| Término de relación |
Director |
| 9 (RLIN) |
31129 |
| 942 ## - ELEMENTOS DE PUNTO DE ACCESO ADICIONAL (KOHA) |
| Fuente de clasificación |
|
| Tipo de item |
Revistas cusqueñas |
| 945 ## - PROCESAMIENTO DE INFORMACIÓN LOCAL (OCLC) |
| Catalogador |
vhl |